01009nam a22002537a 450000500170000001000130001702000220003003500130005203700160006504000120008108200200009310000240011324500830013726000480022027000560026830000210032450000510034565000640039665000550046070000260051594200290054199900190057095201660058920170124110004.0 aB-019273 c00.00a8171415628 aB-019273 bCen Lib/Ret aDPLbEN a363.700285bABB aAbbasi, S.A.915547 aComputer aided environmental management /cby S.A. Abbasi [and] Faisal I. Khan aNew DelhibDiscovery Publishing Housec2000 bNew Delhia4831/24, Ansari Road, Darya Ganje110002 a424p. c22cm(Hb) aIncludes bibliographical references and index  aEnvironmental management -- India -- Data processing916478 aEnvironmental management -- Data processing916479 aFaisal I. Khan916480 2ddccENh363.700285mABB c126067d126067 04104070aLbLd2015-06-24eCen Lib/Retg0.00l0o363.700285 ABBpB-019273r2015-06-24 00:00:00t1v0.00w2015-06-24yENzW/d List No. 6869/23 ; dtd 11/08/2020